000 00324nam a22001337a 4500
008 170227b xxu||||| |||| 00| 0 eng d
020 _a9780471678083
041 _aeng
080 _26 ED
_a577
100 _a5
101 _aSHMB
245 _aTEXBOOK BIOCHEMISTRY WITH CLINICAL CORRELATIONS
_cDEVLIN.TH.M
942 _2udc
_cBK
999 _c6354
_d6354